000 01594cam a22003494a 4500
001 11986463
003 OSt
005 20240621104400.0
008 000426s2001 enka b 001 0 eng
010 _a 00031274
020 _a0521583349
020 _a0521587093 (pbk.)
040 _aDLC
_cmust
_dDLC
041 1 _aeng
_hjpn
042 _apcc
050 0 0 _aQC176.8.F74
_bM5913 2001
082 0 0 _a539.7 WIZ 1995
_221
100 1 _aMizutani, Uichirō.
_917557
240 1 0 _aKinzoku denshiron.
_lEnglish
245 1 0 _aIntroduction to the electron theory of metals /
_cUichiro Mizutani.
260 _aCambridge ;
_aNew York :
_bCambridge University Press,
_c2001.
300 _axii, 590 p. :
_bill. ;
_c26 cm.
504 _aIncludes bibliographical references (p. 569-576) and index.
650 0 _aFree electron theory of metals.
_917558
856 4 1 _3Sample text
_uhttp://www.loc.gov/catdir/samples/cam031/00031274.html
856 4 2 _3Publisher description
_uhttp://www.loc.gov/catdir/description/cam021/00031274.html
856 4 1 _3Table of contents
_uhttp://www.loc.gov/catdir/toc/cam021/00031274.html
856 4 2 _3Contributor biographical information
_uhttp://www.loc.gov/catdir/enhancements/fy0731/00031274-b.html
906 _a7
_bcbc
_corignew
_d1
_eocip
_f20
_gy-gencatlg
942 _2ddc
_cO_SHELF
999 _c8686
_d8686